Marco? Polo! / (Record no. 2085)

MARC details
000 -LEADER
fixed length control field 00867nam a22002657a 4500
005 - DATE AND TIME OF LATEST TRANSACTION
control field 20250808145215.0
020 ## - INTERNATIONAL STANDARD BOOK NUMBER
International Standard Book Number 9780142411773
040 ## - CATALOGING SOURCE
Original cataloging agency FISKH
Language of cataloging eng
Transcribing agency FISKH
Modifying agency FISKH
050 ## - LIBRARY OF CONGRESS CALL NUMBER
Classification number PZ7.S41267
082 ## - DEWEY DECIMAL CLASSIFICATION NUMBER
Classification number 206
100 ## - MAIN ENTRY--PERSONAL NAME
Personal name Scieszka, Jon
245 ## - TITLE STATEMENT
Title Marco? Polo! /
Statement of responsibility, etc. The Time Warp Trio No.16 Jon Scienszka
260 ## - PUBLICATION, DISTRIBUTION, ETC.
Place of publication, distribution, etc. New York :
Name of publisher, distributor, etc. Puffin Groups,
Date of publication, distribution, etc. 2006
300 ## - PHYSICAL DESCRIPTION
Extent 90 pages :
Dimensions 20 cm
490 ## - SERIES STATEMENT
Materials specified The time warp trio
Volume/sequential designation 16
505 ## - FORMATTED CONTENTS NOTE
Formatted contents note K
520 ## - SUMMARY, ETC.
Summary, etc. The Time Warp Trio find themselves in a desert in China, and in order to retrieve their magical book from the court of Kublai Khan, they must pose as astrologers and join the caravan of Marco Polo and his father.
521 ## - TARGET AUDIENCE NOTE
Target audience note 550
Source lexile
521 ## - TARGET AUDIENCE NOTE
Target audience note K
Source Raz-Plus
650 ## - SUBJECT ADDED ENTRY--TOPICAL TERM
Topical term or geographic name entry element Adventure
650 ## - SUBJECT ADDED ENTRY--TOPICAL TERM
Topical term or geographic name entry element Friends
700 ## - ADDED ENTRY--PERSONAL NAME
Personal name McCauley, Adam
Relator term illustrator
942 ## - ADDED ENTRY ELEMENTS (KOHA)
Source of classification or shelving scheme Dewey Decimal Classification
Koha item type Books
Suppress in OPAC No
999 ## -
-- 2085
-- 2085
Holdings
Withdrawn status Lost status Source of classification or shelving scheme Damaged status Not for loan Collection Home library Current library Shelving location Date acquired Total Checkouts Full call number Barcode Date last seen Copy number Price effective from Koha item type
    Dewey Decimal Classification     Juvenile Fiction Footprints International School Library Network Toul Tom Poung Campus Footprints International School Library Network Toul Tom Poung Campus TTP Primary Yellow Bookshelves 08/08/2025   SCI 206 PZ7.S41267 FISTK00339 11/06/2023 1 08/08/2025 Books